Quel est le nom de famille de ce personnage de fiction ? - Statistiques

Statistiques générales
  • Ce quiz a été pris 31 fois
    15 depuis la dernière actualisation
  • Le résultat moyen est 35 sur 153
Statistiques - réponses
Univers Prénom Nom % Correct
Donald Donald Duck
79%
Le Seigneur des Anneaux Frodon Sacquet
79%
Retour vers le futur Marty McFly
71%
Cars Flash McQueen
71%
Spider-Man Peter Parker
71%
Pirates des Caraibes Jack Sparrow
71%
Mercredi Mercredi Addams
64%
Twilight Edward Cullen
64%
Hunger Games Katniss Everdeen
64%
Star Wars Luke Skywalker
64%
Harry Potter Ron Weasley
64%
Rocky Rocky Balboa
57%
Terminator Sarah Connor
57%
Tintin Archibald Haddock
57%
Mickey Mickey Mouse
57%
Avengers Tony Stark
57%
Desperate Housewives Bree Van de Kamp
57%
Titanic Jack Dawson
50%
Zootopie Judy Hopps
50%
L'Attaque des Titans Eren Jager
50%
Le Silence des agneaux Hannibal Lecter
50%
Les Misérables Jean Valjean
50%
Breaking Bad Walter White
50%
Le Parrain Don Vito Corleone
43%
Le Gendarme de Saint-Tropez Ludovic Cruchot
43%
Uncharted Nathan Drake
43%
Jurassic Park Alan Grant
43%
La Petite maison dans la prairie Charles Ingalls
43%
Ratatouille Alfredo Linguini
43%
Les Aristochats Thomas O'Malley
43%
Monstres & Cie Bob Razowski
43%
Prison Break Michael Scofield
43%
X-Men Charles Xavier
43%
South Park Eric Cartman
36%
Le Tour du monde en quatre-vingts jours Phileas Fogg
36%
Grey's Anatomy Meredith Grey
36%
One Piece Luffy Monkey D.
36%
Cycle arthurien Arthur Pendragon
36%
Death Note Light Yagami
36%
Fairy Tail Natsu Dragnir
29%
Full Metal Alchemist Edward Elric
29%
The Walking Dead Rick Grimes
29%
13 Reasons Why Clay Jensen
29%
Ma famille d'abord Michael Kyle
29%
Teen Wolf Scott McCall
29%
Maman j'ai raté l'avion Kevin McCallister
29%
My Hero Academia Izuku Midoriya
29%
Animal Crossing Tom Nook
29%
Le Monde de Narnia Lucy Pevensie
29%
Les Gardiens de la Galaxie Peter Quill
29%
Alien Ellen Ripley
29%
Un chant de Noel Ebenezer Scrooge
29%
Avatar Jake Sully
29%
Game of Thrones Daenerys Targaryen
29%
Naruto Naruto Uzumaki
29%
Percy Jackson Annabeth Chase
21%
Miraculous Marinette Dupain-Cheng
21%
Hunter X Hunter Gon Freecss
21%
Futurama Philip Fry
21%
Jujutsu Kaisen Yuji Itadori
21%
Jojo's Bizarre Adventure Joseph Joestar
21%
Demon Slayer Tanjiro Kamado
21%
Tokyo Ghoul Ken Kaneki
21%
Pokémon Sacha Ketchum
21%
Bleach Ichigo Kurosaki
21%
Code Geass Lelouch Lamperouge
21%
Romeo et Juliette Romeo Montaigu
21%
L'Arme fatale Martin Riggs
21%
L'Etrange Noel de Monsieur Jack Jack Skellington
21%
Solo Leveling Jin-Woo Sung
21%
Les Simpson Milhouse Van Houten
21%
Metroid Samus Aran
14%
Dune Paul Atréides
14%
Olive et Tom Olivier Atton
14%
Castlevania Léon Belmont
14%
Bones Temperance Brennan
14%
Stranger Things Joyce Byers
14%
Twin Peaks Dale Cooper
14%
Emily in Paris Emily Cooper
14%
Interstellar Joseph Cooper
14%
Le Cinquième Element Korben Dallas
14%
Spy X Family Yor Forger
14%
Là-haut Carl Fredricksen
14%
Le Jeu de la Dame Beth Harmon
14%
La Planète au trésor Jim Hawkins
14%
The Mask Stanley Ipkiss
14%
Le Cercle des poètes disparus John Keating
14%
Kill Bill Beatrix Kiddo
14%
Star Trek James Kirk
14%
Detective Conan Shinichi Kudo
14%
La Grande Vadrouille Stanislas Lefort
14%
Vikings Ragnar Lothbrok
14%
Dexter Dexter Morgan
14%
How I Met Your Mother Ted Mosby
14%
X-Files Fox Mulder
14%
Yu-Gi-Oh! Yugi Muto
14%
Autant en emporte le vent Scarlett O'Hara
14%
Coco Miguel Rivera
14%
The Office Michael Scott
14%
Peaky Blinders Thomas Shelby
14%
Buffy contre les vampires Buffy Summers
14%
Once upon a time Emma Swan
14%
Atlantide, l'empire perdu Milo Thatch
14%
Shining Jack Torrance
14%
Pulp Fiction Vincent Vega
14%
Supernatural Dean Winchester
14%
Ace Attorney Phoenix Wright
14%
Vingt Mille Lieues sous les mers Pierre Aronnax
7%
Code Lyoko Jeremie Belpois
7%
The Truman Show Truman Burbank
7%
Dr House Allison Cameron
7%
Signé Cat's Eyes Tam Chamade
7%
Scrubs John Dorian
7%
Fight Club Tyler Durden
7%
The Vampire Diaries Elena Gilbert
7%
The 100 Clarke Griffin
7%
Beyblade Metal Gingka Hagane
7%
Pretty Little Liars Spencer Hastings
7%
Gladiator Maximus Decimus Meridius
7%
Sex Education Otis Milburn
7%
The Last of Us Joel Miller
7%
Il faut sauver le soldat Ryan John Miller
7%
Capitaine Flam Curtis Newton
7%
Le Voyage de Chihiro Chihiro Ogino
7%
Les 101 Dalmatiens Roger Radcliff
7%
Rick et Morty Rick Sanchez
7%
1984 Winston Smith
7%
Cowboy Bebop Spike Spiegel
7%
Gravity Ryan Stone
7%
Ben 10 Ben Tennyson
7%
Lost: Les Disparus Kate Austen
0%
Les Dents de la mer Martin Brody
0%
Dirty Dancing Johnny Castle
0%
Orange is the new black Piper Chapman
0%
GTA V Franklin Clinton
0%
Inception Dominic Cobb
0%
Blade Runner Rick Deckard
0%
Reservoir Dogs Larry Dimmick
0%
Danse avec les loups John Dunbar
0%
La Ligne verte Paul Edegecomb
0%
Totally Spies Clover Ewing
0%
The Big Bang Theory Leonard Hofstadter
0%
Neon Genesis Evangelion Shinji Ikari
0%
L'Exorciste Chris MacNeil
0%
Footloose Ren McCormack
0%
Usual Suspects Michael McManus
0%
Elephant Man John Merrick
0%
Je suis une légende Robert Neville
0%
Seul au monde Chuck Noland
0%
Resident Evil Chris Redfield
0%
Squid Game Gi-Hun Seong
0%
SOS Fantômes Egon Spengler
0%
True Blood Sookie Stackhouse
0%
Aucun quiz correspondant
Distribution des résultats
% des personnes avec chaque résultat
Percentile par nombre de réponses
Votre historique - résultats
Vous n’avez pas pris ce quiz depuis la dernière actualisation